History Quiz

Random History or Year Quiz

In Memoriam: 2013 Quiz Stats

 Plays Quiz Updated Feb 11, 2016

Also try: In Memoriam: 2014
Challenge
Share
Tweet
Score 0/42 Timer 14:00
3 Plays Today
% Correct
Nelson Mandela
98.9%
Margaret Thatcher
74.1%
Peter O’Toole
64.1%
Paul Walker
63.2%
James Gandolfini
50.2%
Lou Reed
41.2%
Hugo Chavez
38.3%
Jean Stapleton
33.2%
Cory Monteith
30.8%
Ed Koch
29.5%
Jonathan Winters
28.6%
C. Everett Koop
28.5%
Dr. Joyce Brothers
28.4%
Pat Summerall
26.3%
Annette Funicello
25.4%
Dear Abby, Pauline Phillips
24.7%
Bonnie Franklin
24.3%
George Jones
23.9%
Dennis Farina
21.9%
Earl Weaver
20.6%
Stan Musial
20.4%
% Correct
Deacon Jones
16.8%
Sir David Frost
16.5%
Eileen Brennan
15.6%
Tom Clancy
14.9%
Marcia Wallace
14.3%
Helen Thomas
14.2%
Karen Black
13.1%
Ken Norton
12.2%
Mindy McCready
10.9%
Esther Williams
9.7%
Richie Havens
9.2%
Eleanor Parker
8.1%
Slim Whitman
6.6%
Dick Trickle
6.5%
Patti Page
6.2%
Eydie Gorme
6.2%
Tom Foley
3.6%
Aaron Swartz
2.8%
Elmore Leonard
2.7%
Seamus Heaney
2.3%
Chris Kelly (of Kris Kross)
1.5%

You're not logged in!

Compare scores with friends on all Sporcle quizzes.
OR
Log In

You Might Also Like...

Show Comments

Extras

Top Quizzes Today


Score Distribution

Your Account Isn't Verified!

In order to create a playlist on Sporcle, you need to verify the email address you used during registration. Go to your Sporcle Settings to finish the process.

Report this User

Report this user for behavior that violates our Community Guidelines.

Details: